000 00985cab a2200289 4500
001 WB3116-21
008 090401t1995 xxu||||| |||| 00| 0 eng d
035 _a(Sirsi) u57402
041 _aeng
100 _aPlender, J.
245 _aChurch may never fully recover
260 _c1995
350 _a0
490 _aTimes
_v21 April 1995, 4
490 _aGuardian
_v21 April 1995, 4
490 _aFinancial Times
_v21 April 1995, 24(3)
520 _aThe financial disaster threatening the Church of England was caused by the Church Commissioners` reckless and incompetent speculation on the property market according to a report from the House of Commons Social Security Committee.
650 _aCHURCH COMMISSIONERS
650 _aCHURCH OF ENGLAND
650 _aFINANCIAL MISMANAGEMENT
650 _aPROPERTY ASSETS
650 _aPROPERTY PORTFOLIO
650 _aPROPERTY SPECULATION
690 _aPROPERTY-COMMERCIAL PROPERTY
942 _n0
948 _c04/03/1997
999 _c34997
_d34997